000
00272nam a2200109Ia 4500
999
_c
8636
_d
8636
020
_a
978-1420922301
100
_a
Lewis Carroll
245
0
_a
Alice's Adventures in Wonderland & Through the Looking-Glass
260
_a
New York
_b
Addision
_c
560
300
_a
2001
942
_c
BK